|
|
|
|
| LEADER |
01992nam a2200517 a 4500 |
| 001 |
nkc20132522812 |
| 003 |
CZ PrNK |
| 005 |
20140522154716.0 |
| 007 |
ta |
| 008 |
131128s2013 xr abe f 001 0 cze |
| 015 |
|
|
|a cnb002522812
|
| 020 |
|
|
|a 978-80-87504-22-2
|q (brož.)
|
| 035 |
|
|
|a (OCoLC)880868308
|
| 040 |
|
|
|a ABA001
|b cze
|d OLA001
|
| 041 |
0 |
|
|a cze
|b eng
|
| 043 |
|
|
|a e-xr---
|b e-xr-mo
|2 czenas
|
| 072 |
|
7 |
|a 71
|x Územní plánování. Urbanismus. Památková péče
|2 Konspekt
|9 21
|
| 080 |
|
|
|a 332.33
|2 MRF
|
| 080 |
|
|
|a 711.168
|2 MRF
|
| 080 |
|
|
|a 711.1
|2 MRF
|
| 080 |
|
|
|a (437.326)
|2 MRF
|
| 080 |
|
|
|a (048.8:082)
|2 MRF
|
| 245 |
0 |
0 |
|a Brownfieldy - cesta od minulosti do budoucnosti /
|c Barbara Vojvodíková (ed.) ; [autorský kolektiv Barbara Vojvodíková ... et al.]
|
| 260 |
|
|
|a Praha :
|b European Science and Art Publishing,
|c c2013
|
| 300 |
|
|
|a 178 s. :
|b il. (převážně barev.), mapy, plány ;
|c 21 cm
|
| 490 |
1 |
|
|a Vědecká monografie
|
| 500 |
|
|
|a 200 výt.
|
| 504 |
|
|
|a Obsahuje bibliografie, bibliografické odkazy a rejstřík
|
| 546 |
|
|
|a Anglické resumé
|
| 650 |
0 |
7 |
|a brownfields
|7 ph311256
|z Česko
|2 czenas
|
| 650 |
0 |
7 |
|a obnova území
|7 ph381214
|z Česko
|2 czenas
|
| 650 |
0 |
7 |
|a územní rozvoj
|7 ph128365
|z Česko
|2 czenas
|
| 650 |
0 |
9 |
|a brownfields
|z Czechia
|2 eczenas
|
| 650 |
0 |
9 |
|a area redevelopment
|z Czechia
|2 eczenas
|
| 650 |
0 |
9 |
|a territorial development
|z Czechia
|2 eczenas
|
| 651 |
|
7 |
|a Hrušov (Ostrava, Česko)
|7 ge333337
|2 czenas
|
| 651 |
|
9 |
|a Hrušov (Ostrava, Czechia)
|2 eczenas
|
| 655 |
|
7 |
|a kolektivní monografie
|7 fd501537
|2 czenas
|
| 655 |
|
9 |
|a collective monographs
|2 eczenas
|
| 700 |
1 |
|
|a Vojvodíková, Barbara,
|d 1975-
|7 mzk2004248933
|4 edt
|4 aut
|
| 830 |
|
0 |
|a Vědecké monografie (European Science and Art Publishing)
|0 s
|
| 910 |
2 |
|
|a BOA001
|b 2-1326.007
|
| 990 |
|
|
|a BK
|
| 995 |
|
|
|a 01
|
| 991 |
|
|
|b 201405
|c NOV
|e n
|
| 996 |
6 |
|
|b 2610591034
|c 2-1326.007
|l MZK
|r Sklad / do 1 hodiny
|n 18
|p p.v.
|w 001419911
|u 000010
|a 1
|e BOA001
|j MZK50
|s P
|